| 000 | 00365nam a22001217a 4500 | ||
|---|---|---|---|
| 082 | _a220 PRO | ||
| 100 |
_aABID,AHMED,ALI _971951 |
||
| 245 | _aPR-SOF-1110-DESIGN, SIMULATION AND FABRICATION OF CROSS FLOW MICRO HYDRO TURBINE | ||
| 260 |
_aISLAMABAD _bNUST COLLEGE OF EME _c2011 |
||
| 650 |
_a DE-MECH-29 _971952 |
||
| 700 |
_aDR MUHAMMAD AFZAAL _971953 |
||
| 942 | _cCR | ||
| 999 |
_c578205 _d578205 |
||